<?xml version="1.0" encoding="UTF-8"?>
<record
    xmlns:xsi="http://www.w3.org/2001/XMLSchema-instance"
    xsi:schemaLocation="http://www.loc.gov/MARC21/slim http://www.loc.gov/standards/marcxml/schema/MARC21slim.xsd"
    xmlns="http://www.loc.gov/MARC21/slim">

  <leader>02909cam a2200589 i 4500</leader>
  <controlfield tag="001">xx004899333</controlfield>
  <controlfield tag="003">NUKAT</controlfield>
  <controlfield tag="005">20260429145123.0</controlfield>
  <controlfield tag="008">200703s2020    pl a         |001 0 pol c</controlfield>
  <datafield tag="020" ind1=" " ind2=" ">
    <subfield code="a">9788380988873</subfield>
    <subfield code="q">(oprawa twarda) :</subfield>
    <subfield code="c">z&#x142; 35.00</subfield>
  </datafield>
  <datafield tag="035" ind1=" " ind2=" ">
    <subfield code="a">(OCoLC)1164130006</subfield>
  </datafield>
  <datafield tag="035" ind1=" " ind2=" ">
    <subfield code="a">(NUKAT)xx004899333</subfield>
  </datafield>
  <datafield tag="040" ind1=" " ind2=" ">
    <subfield code="a">KR 253/MD</subfield>
    <subfield code="b">pol</subfield>
    <subfield code="e">rda</subfield>
    <subfield code="c">KR 253/MD</subfield>
    <subfield code="d">WA U/ISs</subfield>
    <subfield code="d">WR O/KBs</subfield>
    <subfield code="d">OLSZT 008/bak</subfield>
  </datafield>
  <datafield tag="045" ind1="2" ind2=" ">
    <subfield code="b">d1946</subfield>
    <subfield code="b">d1948</subfield>
  </datafield>
  <datafield tag="046" ind1=" " ind2=" ">
    <subfield code="k">2020</subfield>
    <subfield code="o">1946</subfield>
    <subfield code="p">1948</subfield>
  </datafield>
  <datafield tag="245" ind1="0" ind2="0">
    <subfield code="a">Protoko&#x142;y wizytacji kanonicznych przeprowadzonych przez biskupa lubelskiego Stefana Wyszy&#x144;skiego w parafiach na terenach obecnej diecezji zamojsko-lubaczowskiej 1946-1948 /</subfield>
    <subfield code="c">zebra&#x142;, opracowa&#x142; i wst&#x119;pem poprzedzi&#x142; bp Mariusz Leszczy&#x144;ski ; Instytut Pami&#x119;ci Narodowej. Komisja &#x15A;cigania Zbrodni Przeciwko Narodowi Polskiemu.</subfield>
  </datafield>
  <datafield tag="260" ind1=" " ind2=" ">
    <subfield code="a">Warszawa :</subfield>
    <subfield code="b">Instytut Pami&#x119;ci Narodowej. Komisja &#x15A;cigania Zbrodni Przeciwko Narodowi Polskiemu,</subfield>
    <subfield code="c">2020.</subfield>
  </datafield>
  <datafield tag="300" ind1=" " ind2=" ">
    <subfield code="a">335, [1] strona :</subfield>
    <subfield code="b">ilustracje ;</subfield>
    <subfield code="c">21 cm.</subfield>
  </datafield>
  <datafield tag="336" ind1=" " ind2=" ">
    <subfield code="a">Tekst</subfield>
    <subfield code="b">txt</subfield>
    <subfield code="2">rdacontent</subfield>
  </datafield>
  <datafield tag="337" ind1=" " ind2=" ">
    <subfield code="a">Bez urz&#x105;dzenia po&#x15B;rednicz&#x105;cego</subfield>
    <subfield code="b">n</subfield>
    <subfield code="2">rdamedia</subfield>
  </datafield>
  <datafield tag="338" ind1=" " ind2=" ">
    <subfield code="a">Wolumin</subfield>
    <subfield code="b">nc</subfield>
    <subfield code="2">rdacarrier</subfield>
  </datafield>
  <datafield tag="380" ind1=" " ind2=" ">
    <subfield code="a">Ksi&#x105;&#x17C;ki</subfield>
  </datafield>
  <datafield tag="380" ind1=" " ind2=" ">
    <subfield code="a">Publikacje naukowe</subfield>
  </datafield>
  <datafield tag="388" ind1="1" ind2=" ">
    <subfield code="a">1901-2000</subfield>
  </datafield>
  <datafield tag="388" ind1="1" ind2=" ">
    <subfield code="a">1945-1989</subfield>
  </datafield>
  <datafield tag="388" ind1="1" ind2=" ">
    <subfield code="a">2001-</subfield>
  </datafield>
  <datafield tag="490" ind1="1" ind2=" ">
    <subfield code="a">Biskupi w Realiach Komunistycznej W&#x142;adzy</subfield>
  </datafield>
  <datafield tag="490" ind1="1" ind2=" ">
    <subfield code="a">Centralny Projekt Badawczy IPN - W&#x142;adze Komunistyczne wobec Ko&#x15B;cio&#x142;&#xF3;w i Zwi&#x105;zk&#xF3;w Wyznaniowych w Polsce 1944-1989</subfield>
  </datafield>
  <datafield tag="504" ind1=" " ind2=" ">
    <subfield code="a">Bibliografia na stronach 308-321. Indeksy.</subfield>
  </datafield>
  <datafield tag="600" ind1="0" ind2="7">
    <subfield code="a">Stefan Wyszy&#x144;ski</subfield>
    <subfield code="c">(b&#x142;ogos&#x142;awiony ;</subfield>
    <subfield code="d">1901-1981)</subfield>
    <subfield code="2">DBN</subfield>
    <subfield code="9">39675</subfield>
  </datafield>
  <datafield tag="610" ind1="2" ind2="7">
    <subfield code="a">Ko&#x15B;ci&#xF3;&#x142; katolicki</subfield>
    <subfield code="2">DBN</subfield>
    <subfield code="9">37102</subfield>
  </datafield>
  <datafield tag="610" ind1="2" ind2="7">
    <subfield code="a">Ecclesia Catholica.</subfield>
    <subfield code="b">Diecezja Zamojsko-Lubaczowska</subfield>
    <subfield code="x">historia</subfield>
    <subfield code="v">&#x17A;r&#xF3;d&#x142;a.</subfield>
    <subfield code="2">kaba</subfield>
    <subfield code="9">40920</subfield>
  </datafield>
  <datafield tag="648" ind1=" " ind2="7">
    <subfield code="a">1901-2000</subfield>
    <subfield code="2">DBN</subfield>
    <subfield code="9">34996</subfield>
  </datafield>
  <datafield tag="648" ind1=" " ind2="7">
    <subfield code="a">1945-1989</subfield>
    <subfield code="2">DBN</subfield>
    <subfield code="9">36043</subfield>
  </datafield>
  <datafield tag="650" ind1=" " ind2="7">
    <subfield code="a">Biskupi</subfield>
    <subfield code="2">DBN</subfield>
    <subfield code="9">35374</subfield>
  </datafield>
  <datafield tag="650" ind1=" " ind2="7">
    <subfield code="a">Duchowie&#x144;stwo katolickie</subfield>
    <subfield code="2">DBN</subfield>
    <subfield code="9">35375</subfield>
  </datafield>
  <datafield tag="650" ind1=" " ind2="7">
    <subfield code="a">Parafie</subfield>
    <subfield code="2">DBN</subfield>
    <subfield code="9">35432</subfield>
  </datafield>
  <datafield tag="650" ind1=" " ind2="7">
    <subfield code="a">Wizytacja biskupia</subfield>
    <subfield code="2">DBN</subfield>
    <subfield code="9">40921</subfield>
  </datafield>
  <datafield tag="650" ind1=" " ind2="7">
    <subfield code="a">Wizytacje kanoniczne</subfield>
    <subfield code="z">Polska</subfield>
    <subfield code="z">Zamo&#x15B;&#x107; (wojew&#xF3;dztwo lubelskie ; region)</subfield>
    <subfield code="y">1945-1970</subfield>
    <subfield code="v">&#x17A;r&#xF3;d&#x142;a.</subfield>
    <subfield code="2">kaba</subfield>
    <subfield code="9">40922</subfield>
  </datafield>
  <datafield tag="650" ind1=" " ind2="7">
    <subfield code="a">Wizytacje kanoniczne</subfield>
    <subfield code="z">Polska</subfield>
    <subfield code="z">Lubacz&#xF3;w (region)</subfield>
    <subfield code="y">1945-1970</subfield>
    <subfield code="v">&#x17A;r&#xF3;d&#x142;a.</subfield>
    <subfield code="2">kaba</subfield>
    <subfield code="9">40923</subfield>
  </datafield>
  <datafield tag="651" ind1=" " ind2="7">
    <subfield code="a">Diecezja zamojsko-lubaczowska (obszar)</subfield>
    <subfield code="2">DBN</subfield>
    <subfield code="9">40924</subfield>
  </datafield>
  <datafield tag="655" ind1=" " ind2="7">
    <subfield code="a">Protoko&#x142;y</subfield>
    <subfield code="2">DBN</subfield>
    <subfield code="9">40545</subfield>
  </datafield>
  <datafield tag="655" ind1=" " ind2="7">
    <subfield code="a">Wydawnictwo &#x17A;r&#xF3;d&#x142;owe</subfield>
    <subfield code="2">DBN</subfield>
    <subfield code="9">35066</subfield>
  </datafield>
  <datafield tag="658" ind1=" " ind2=" ">
    <subfield code="a">Historia</subfield>
  </datafield>
  <datafield tag="658" ind1=" " ind2=" ">
    <subfield code="a">Religia i duchowo&#x15B;&#x107;</subfield>
  </datafield>
  <datafield tag="700" ind1="1" ind2=" ">
    <subfield code="a">Leszczy&#x144;ski, Mariusz</subfield>
    <subfield code="d">(1957- ).</subfield>
    <subfield code="e">Redakcja</subfield>
    <subfield code="e">Wst&#x119;p</subfield>
    <subfield code="9">17403</subfield>
  </datafield>
  <datafield tag="710" ind1="2" ind2=" ">
    <subfield code="a">Instytut Pami&#x119;ci Narodowej - Komisja &#x15A;cigania Zbrodni przeciwko Narodowi Polskiemu.</subfield>
    <subfield code="e">Instytucja sprawcza</subfield>
    <subfield code="e">Wydawca</subfield>
    <subfield code="4">pbl</subfield>
    <subfield code="9">11792</subfield>
  </datafield>
  <datafield tag="830" ind1=" " ind2="0">
    <subfield code="a">Biskupi w Realiach Komunistycznej W&#x142;adzy</subfield>
    <subfield code="9">16421</subfield>
  </datafield>
  <datafield tag="830" ind1=" " ind2="0">
    <subfield code="a">W&#x142;adze Komunistyczne wobec Ko&#x15B;cio&#x142;&#xF3;w i Zwi&#x105;zk&#xF3;w Wyznaniowych w Polsce 1944-1989</subfield>
    <subfield code="9">18363</subfield>
  </datafield>
  <datafield tag="920" ind1=" " ind2=" ">
    <subfield code="a">978-83-8098-887-3 (oprawa twarda) : z&#x142; 35.00</subfield>
  </datafield>
  <datafield tag="942" ind1=" " ind2=" ">
    <subfield code="2">ddc</subfield>
    <subfield code="c">BK_NM</subfield>
  </datafield>
  <datafield tag="999" ind1=" " ind2=" ">
    <subfield code="c">27875</subfield>
    <subfield code="d">27875</subfield>
  </datafield>
  <datafield tag="952" ind1=" " ind2=" ">
    <subfield code="0">0</subfield>
    <subfield code="1">0</subfield>
    <subfield code="2">ddc</subfield>
    <subfield code="4">0</subfield>
    <subfield code="7">0</subfield>
    <subfield code="8">K_mag</subfield>
    <subfield code="a">BIP</subfield>
    <subfield code="b">BIP</subfield>
    <subfield code="d">2020-11-30</subfield>
    <subfield code="e">D-36/2020</subfield>
    <subfield code="f">D</subfield>
    <subfield code="g">35.00</subfield>
    <subfield code="i">59978</subfield>
    <subfield code="l">0</subfield>
    <subfield code="o">59978</subfield>
    <subfield code="p">IPWK24082</subfield>
    <subfield code="r">2026-04-29 14:52:14</subfield>
    <subfield code="w">2026-04-29</subfield>
    <subfield code="y">BK_NM</subfield>
  </datafield>
</record>
